Phân tích các nhân tố ảnh hưởng đến hiệu quả hoạt động sản xuất kinh doanh của hộ dệt thổ cẩm truyền thống trên địa bàn tỉnh An Giang : Luận văn thạc sĩ. Ngành quản trị kinh doanh
Nội dung nghiên cứu: nhằm xác định các nhân tố ảnh hưởng đến hiệu quả hoạt động sản xuất của hộ dệt thổ cẩm truyền thống.
Bewaard in:
| Hoofdauteur: | |
|---|---|
| Formaat: | Boek |
| Taal: | Undetermined |
| Gepubliceerd in: |
Cần Thơ
Trường Đại học Cần Thơ
2015
|
| Onderwerpen: | |
| Tags: |
Voeg label toe
Geen labels, Wees de eerste die dit record labelt!
|
| Thư viện lưu trữ: | Trung tâm Học liệu Trường Đại học Cần Thơ |
|---|
| LEADER | 01217nam a2200217Ia 4500 | ||
|---|---|---|---|
| 001 | CTU_198529 | ||
| 008 | 210402s9999 xx 000 0 und d | ||
| 082 | |a 658.1511 | ||
| 082 | |b Tr121 | ||
| 088 | |a 60340102 | ||
| 100 | |a Dương, Nguyễn Huyền Trân | ||
| 245 | 0 | |a Phân tích các nhân tố ảnh hưởng đến hiệu quả hoạt động sản xuất kinh doanh của hộ dệt thổ cẩm truyền thống trên địa bàn tỉnh An Giang : | |
| 245 | 0 | |b Luận văn thạc sĩ. Ngành quản trị kinh doanh | |
| 245 | 0 | |c Dương Nguyễn Huyền Trân ; Nguyễn Tri Khiêm (Người hướng dẫn) | |
| 260 | |a Cần Thơ | ||
| 260 | |b Trường Đại học Cần Thơ | ||
| 260 | |c 2015 | ||
| 520 | |a Nội dung nghiên cứu: nhằm xác định các nhân tố ảnh hưởng đến hiệu quả hoạt động sản xuất của hộ dệt thổ cẩm truyền thống. | ||
| 650 | |a Phân tích hoạt động kinh doanh,Business analysis,Handicraft,Thủ công | ||
| 904 | |i Phan Thông Thụy Quân (Tuyến) | ||
| 980 | |a Trung tâm Học liệu Trường Đại học Cần Thơ | ||